Máximos asistentes de la NBA - Estadísticas

Estadísticas generales
  • Esta prueba ha sido intentada 202 veces
  • La puntuación promedio es 6 de 10
Estadísticas de respuestas
Hint Respuesta % Correcto
10.354 LeBron James
87%
15.806 John Stockton
85%
10.141 Magic Johnson
72%
11.283 Chris Paul
71%
10.335 Steve Nash
69%
12.091 Jason Kidd
62%
9.002 Russell Westbrook
49%
9.061 Isiah Thomas
35%
9.887 Oscar Robertson
34%
10.334 Mark Jackson
11%
No se encontraron pruebas coincidentes
Distribución de puntuación
Porcentaje de gente con cada puntuación
Porcentaje por número respondido
Historial de tus puntuaciones
No has intentado esta prueba.